000
00361nam a2200133Ia 4500
008
100328s9999 xx 000 0 und d
082
_b
39207
100
_a
पठाण यू.म.
245
_a
पाऊल खुणा
260
_b
दिलीपराज
630
_a
पाऊल खुणा
730
_a
पाऊल खुणा
942
_c
BOOK
999
_c
528199
_d
528196